| 000 | 00440nam a2200169Ia 4500 | ||
|---|---|---|---|
| 008 | 100426t2007 xxu||||| |||| 00| 0 sin d | ||
| 041 | _asin | ||
| 080 |
_aX8S31 _bFER |
||
| 100 | _aFernando, W.Kasun Ishara | ||
| 245 | _aජීවිත ගමන | ||
| 246 | _aJeevitha Gamana | ||
| 260 |
_bCultural Ministry _aBaththaramulla _c2007 |
||
| 300 | _a114p., 21 cm | ||
| 942 | _cBK | ||
| 999 |
_c72810 _d72810 |
||
| 003 | LK-CoDNM | ||
| 040 |
_aLK-CoDNM _dLK-CoDNM _eLK-CoDNM |
||